The romances of Patrick Chakaipa : (Record no. 4646)
[ view plain ]
| 000 -LEADER | |
|---|---|
| fixed length control field | 00752nam a22002537a 4500 |
| 001 - CONTROL NUMBER | |
| control field | 688277 |
| 003 - CONTROL NUMBER IDENTIFIER | |
| control field | GZU |
| 005 - DATE AND TIME OF LATEST TRANSACTION | |
| control field | 20210317093129.0 |
| 008 - FIXED-LENGTH DATA ELEMENTS--GENERAL INFORMATION | |
| fixed length control field | 960321s1994 rh b 000 0 eng |
| 010 ## - LIBRARY OF CONGRESS CONTROL NUMBER | |
| LC control number | 95982748 |
| 020 ## - INTERNATIONAL STANDARD BOOK NUMBER | |
| International Standard Book Number | 0869225960 |
| 040 ## - CATALOGING SOURCE | |
| Original cataloging agency | DLC |
| Transcribing agency | DLC |
| 041 0# - LANGUAGE CODE | |
| Language code of text/sound track or separate title | engsho |
| 042 ## - AUTHENTICATION CODE | |
| Authentication code | lcode |
| 050 00 - LIBRARY OF CONGRESS CALL NUMBER | |
| Classification number | PL8681 |
| 100 1# - MAIN ENTRY--PERSONAL NAME | |
| Personal name | Kahari, George P. |
| 245 14 - TITLE STATEMENT | |
| Title | The romances of Patrick Chakaipa : |
| Remainder of title | a study of thematic techniques and mythology / |
| Statement of responsibility, etc. | George P. Kahari. |
| 260 ## - PUBLICATION, DISTRIBUTION, ETC. | |
| Place of publication, distribution, etc. | Gweru, Zimbabwe : |
| Name of publisher, distributor, etc. | Mambo Press, |
| Date of publication, distribution, etc. | 1994. |
| 300 ## - PHYSICAL DESCRIPTION | |
| Extent | 100 p. ; |
| Dimensions | 21 cm. |
| 546 ## - LANGUAGE NOTE | |
| Language note | In English, with some Shona. |
| 906 ## - LOCAL DATA ELEMENT F, LDF (RLIN) | |
| a | 7 |
| b | cbc |
| c | origode |
| d | u |
| e | ncip |
| f | 19 |
| g | y-gencatlg |
| 942 ## - ADDED ENTRY ELEMENTS (KOHA) | |
| Source of classification or shelving scheme | Library of Congress Classification |
| Koha item type | Books |
| Classification part | 8681 |
| Item part | KAH |
| Call number prefix | PL |
| Call number suffix | 1994 |
| Withdrawn status | Lost status | Damaged status | Not for loan | Collection code | Home library | Current library | Shelving location | Date acquired | Total Checkouts | Full call number | Barcode | Date last seen | Copy number | Price effective from | Koha item type |
|---|---|---|---|---|---|---|---|---|---|---|---|---|---|---|---|
| Non-fiction | City Campus Library | City Campus Library | General Stacks | 03/17/2021 | PL8681 KAH 1994 | G22250 | 03/17/2021 | c.1 | 03/17/2021 | Books | |||||
| Non-fiction | City Campus Library | City Campus Library | General Stacks | 03/25/2021 | PL8681 KAH 1994 | G22337 | 03/25/2021 | c.2 | 03/25/2021 | Books | |||||
| Non-fiction | City Campus Library | City Campus Library | General Stacks | 03/31/2021 | PL8681 KAH 1994 | G21271 | 03/31/2021 | c.3 | 03/31/2021 | Books | |||||
| Non-fiction | Mashava Campus Library | Mashava Campus Library | General Stacks | 05/20/2021 | PL8681 KAH 1994 | G22253 | 05/20/2021 | c.4 | 05/20/2021 | Books |